| 000 | 01248cam a2200337 a 4500 | ||
|---|---|---|---|
| 001 | 14259 | ||
| 003 | BD-JhCC | ||
| 005 | 20250225115356.0 | ||
| 008 | 051110s2007 mauab b 001 0 eng | ||
| 020 | _a9780618604470 | ||
| 020 | _a0618604472 | ||
| 035 | _a(BD-JhCC)14259 | ||
| 040 |
_aDLC _cDLC _dDLC |
||
| 041 | _aenglish | ||
| 050 | 0 | 0 |
_aJF51 _b.I59 2007 |
| 082 |
_a320.3 _bINT 2007 |
||
| 245 | 0 | 0 |
_aIntroduction to comparative politics : _bpolitical challenges and changing agendas / _cgeneral editors, Mark Kesselman, Joel Krieger, William A. Joseph. |
| 250 | _a4th ed. | ||
| 260 |
_aBoston : _bHoughton Mifflin, _c2007. |
||
| 300 |
_a682 . p : _bill., maps ; _c24 cm. |
||
| 504 | _aIncludes bibliographical references and index. | ||
| 650 | 0 | _aComparative government. | |
| 700 | 1 | _aKesselman, Mark. | |
| 700 | 1 |
_aKrieger, Joel, _d1951- |
|
| 700 | 1 | _aJoseph, William A. | |
| 856 | 4 | 2 |
_3Publisher description _uhttp://www.loc.gov/catdir/enhancements/fy1215/2005937097-d.html |
| 856 | 4 | 1 |
_3Table of contents only _uhttp://www.loc.gov/catdir/enhancements/fy1215/2005937097-t.html |
| 856 | 4 | 2 |
_3Contributor biographical information _uhttp://www.loc.gov/catdir/enhancements/fy1303/2005937097-b.html |
| 942 |
_2ddc _cBK |
||
| 999 |
_c14259 _d14259 |
||